Statistics for England County Quiz - Surrey

Click here to take the quiz!

General Stats

  • This quiz has been taken 156 times
  • The average score is 7 of 16

Answer Stats

Hint*Answer% Correct
County townGuildford
83%
King who signed the Magna Carta at Runnymede in 1215John
69%
Grade 1 racecourse which is home to 'The Derby', the UK's most prestigious flat raceEpsom Downs
63%
Large amusement park, close to the M25 and the town of Chertsey{Thorpe} {Park}
Resort
62%
Author of the 'Alice' stories who is buried in the Mount Cemetery in the above townLewis Carroll
56%
'Mary Poppins' actress born in Walton-on-ThamesJulie Andrews
55%
Motorway which connects the M25 London orbital motorway with Gatwick AirportM23
52%
H.G. Wells lived in Woking for a while and used the town and surrounding area as a setting
for this apocalyptic novel
The War of
the Worlds
50%
Biological Site of Special Scientific Interest situated near the village of HindheadDevil's
{Punchbowl}
45%
Guitarist, singer, and songwriter, born in Ripley, maybe with a slow hand?Eric Clapton
45%
Located near Weybridge, this was the world's first purpose-built 'banked' motor racing circuit
and later the site of an airfield and important aircraft manufacturing plant
Brooklands
37%
Town which changed its name to include the suffix 'upon-Thames' in 2012Staines
35%
Prestigious golf club and home of the PGA ChampionshipWentworth
27%
Manufacturer of specialist lightweight sports cars established in a village of the same nameCaterham
26%
Born in Reigate this person went on to be prima ballerina with the Royal Ballet and formed a
great artistic partnership with Rudolf Nureyev
Margot Fonteyn
19%
Surrey born actor and star of 'The Best Exotic Marigold Hotel'Bill Nighy
12%

Score Distribution

Percentile by Number Answered

Percent of People with Each Score

Your Score History

You have not taken this quiz